000 00373nam a2200145Ia 4500
008 230711s9999||||xx |||||||||||||| ||und||
041 _aENG
082 _a621
_bWA-S
100 _aWang,chu-Kia
245 0 _aStatically indeterminate structures
250 _a1st
260 _c1962
_aNew York
_bTata McGraw Hill Education Limited
650 _aCivil Engineering
942 _cBK
999 _c1038
_d1038